Comparación del comportamiento estructural de edificación de concreto, (Registro nro. 2526)

Detalles MARC
000 -LEADER
campo de control de longitud fija 02232nam a22003617a 4500
001 - NÚMERO DE CONTROL
campo de control 42835
003 - IDENTIFICADOR DE NÚMERO DE CONTROL
campo de control gtgccic
005 - FECHA Y HORA DE LA ÚLTIMA TRANSACCIÓN
campo de control 20251113111300.0
007 - CAMPO FIJO DE DESCRIPCIÓN FÍSICA--INFORMACIÓN GENERAL
campo de control de longitud fija ta
008 - DATOS DE LONGITUD FIJA--INFORMACIÓN GENERAL
campo de control de longitud fija 251112b gt ||||| |||| 00| 0 spa d
040 ## - FUENTE DE CATALOGACIÓN
Centro catalogador/agencia de origen gtgcic
Lengua de catalogación spa
Centro/agencia transcriptor gtgccic
Normas de descripción rda
084 ## - OTRO NÚMERO DE CLASIFICACIÓN
Número de control del registro de autoridad o número normalizado TPI-16-0114
100 10 - ENTRADA PRINCIPAL--NOMBRE DE PERSONA
Nombre de persona Ronald Enrique Urizar Monzón
Fechas asociadas al nombre Ingeniero Civil
Término indicativo de función/relación autor
245 10 - MENCIÓN DEL TÍTULO
Título Comparación del comportamiento estructural de edificación de concreto,
Resto del título utilizando aisladores elastoméricos en la base /
Mención de responsabilidad, etc. Urizar Monzón, Ronald Enrique
264 #1 - PRODUCCIÓN, PUBLICACIÓN, DISTRIBUCIÓN, FABRICACIÓN Y COPYRIGHT
Producción, publicación, distribución, fabricación y copyright Guatemala, Guatemala :
Nombre del de productor, editor, distribuidor, fabricante USAC, Facultad de Ingeniería ;
Fecha de producción, publicación, distribución, fabricación o copyright 2016.-
300 ## - DESCRIPCIÓN FÍSICA
Extensión xxviii, 143 p. :
Otras características físicas il. ;
Dimensiones 27cm
336 ## - TIPO DE CONTENIDO
Fuente rdacontenido
Término de tipo de contenido Texto
Código de tipo de contenido txt
337 ## - TIPO DE MEDIO
Fuente rdamedio
Nombre/término del tipo de medio sin mediación
Código del tipo de medio n
338 ## - TIPO DE SOPORTE
Fuente rdasoporte
Nombre/término del tipo de soporte volumen
Código del tipo de soporte nc
502 ## - NOTA DE TESIS
Nota de tesis Tesis Postgrado
Tipo de título MAESTRO EN ESTRUCTURAS
Nombre de la institución que otorga el título USAC, Facultad de Ingeniería, Escuela de Postgrado
Año de obtención del título 2016
Identificador de la tesis TPI-16-0113
504 ## - NOTA DE BIBLIOGRAFÍA, ETC.
Nota de bibliografía, etc. Nota Bibliografía pag. 111
505 ## - NOTA DE CONTENIDO CON FORMATO
Título 1. MARCO TEÓRICO (filosofía de diseño sismo resistente)
505 ## - NOTA DE CONTENIDO CON FORMATO
Título 2. DESCRIPCIÓN DEL CASO DE ESTUDIO (localización del terreno)
505 ## - NOTA DE CONTENIDO CON FORMATO
Título 3. ANÁLISIS DE ESTRUCTURA SIN AISLADORES SÍSMICOS
505 ## - NOTA DE CONTENIDO CON FORMATO
Título 4. ANÁLISIS DE ESTRUCTURA CON AISLADORES SÍSMICOS
505 ## - NOTA DE CONTENIDO CON FORMATO
Título 5. PRESENTACIÓN DE RESULTADOS
505 ## - NOTA DE CONTENIDO CON FORMATO
Título 6. DISCUSIÓN DE RESULTADOS
520 #3 - RESUMEN, ETC.
Sumario, etc. De todas las clases de estructuras, según su uso, las esenciales son aquellas donde funcionan instalaciones necesarias en la recuperación posterior al sismo, que deben permanecer en condiciones de funcionamiento durante y después del mismo. Para asegurar el funcionamiento de una estructura esencial, después de un sismo puede hacerse principalmente de dos formas. La primera, diseñando la estructura lo suficientemente fuerte para no sufrir daño y permanecer íntegra. La segunda es utilizando dispositivos de disipación de energía. Los dispositivos de aislamiento sísmico son apropiados para este tipo de edificaciones, porque desconectan la estructura del suelo y reducen la energía que induce el movimiento del suelo minimizando de esta forma el daño a la estructura.
650 #3 - PUNTO DE ACCESO ADICIONAL DE MATERIA--TÉRMINO DE MATERIA
Término de materia o nombre geográfico como elemento de entrada SISMOLOGÍA
700 ## - ENTRADA AGREGADA--NOMBRE PERSONAL
Nombre de persona Msc. Francisco Arrecis
Término indicativo de función/relación asesor
942 ## - ELEMENTOS DE ENTRADA SECUNDARIOS (KOHA)
Fuente de la clasificación o esquema de estantería Clasificación Decimal Dewey
Tipo de ítem Koha TESISPOSTGRADO
945 ## - PROCESAMIENTO DE INFORMACIÓN LOCAL (OCLC)
a amlo
Existencias
Estatus retirado Estado de pérdida Fuente de la clasificación o esquema de estantería Estado de daño No para préstamo Biblioteca de origen Biblioteca actual Fecha de adquisición Número de inventario Total de préstamos Signatura topográfica completa Código de barras Visto por última vez Precio de reemplazo Tipo de ítem Koha Nota pública
    Clasificación Decimal Dewey     CENTRO DE INFORMACIÓN A LA CONSTRUCCIÓN-CICON CENTRO DE INFORMACIÓN A LA CONSTRUCCIÓN-CICON 12/11/2025 P20160113   TPI-16-0113 20160113 12/11/2025 12/11/2025 TESISPOSTGRADO disponible